000 00525cam a2200181 4500500
005 20260329005358.0
041 _afre
042 _adc
100 1 0 _aGoron, Gaëtan
_eauthor
245 0 0 _aPhilocroisés #91
260 _c2023.
500 _a99
690 _aGaëtan Goron
690 _aJeu
690 _aMots croisés
786 0 _nPhilosophie magazine | 170 | 6 | 2023-06-01 | p. 77-77 | 1951-1787
856 4 1 _uhttps://shs.cairn.info/magazine-philosophie-magazine-2023-6-page-77?lang=fr&redirect-ssocas=7080
999 _c1842826
_d1842826